000 00565nam a22001817a 4500
005 20251108165149.0
008 250721s1989 xx 000 0 ara d
082 1 4 _a364.163/جبو
100 1 _aالجبور، محمد عودة
245 1 0 _aالحماية الجزائية للشيك في القانون الأردني :
_bدراسة مقارنة /
264 1 _aالكرك :
_bجامعة مؤتة،
_c1989.
300 _a216ص.
650 1 7 _aالجريمة
650 1 7 _aالمجرمون
650 1 7 _aالتزوير
942 _2ddc
_cBK
999 _c21029
_d21029